000 00711nam a2200229 i 4500
001 bg
100 1 _aAntoniou, Andreas
_d(1938- ).
245 1 0 _aDigital signal processing :
_bsignals systems and filters /
_cAndreas Antoniou.
260 _aNew York [etc.] :
_bMcGraw-Hill,
_ccop. 2006.
300 _aXXIV, 965 s. :
_bil. ;
_c24 cm.
504 _aBibliogr. przy rozdz. Indeks.
650 9 _aTeoria sygnałów
020 _a9780071454254
040 _cBPK
041 _apol
044 _aUSA
080 _a621.391:519.7
920 _a978-0-07-145425-4
942 _cKS
008 s pl f |000 0 pol
999 _c56062
_d56062
856 _uhttp://koha.tu.koszalin.pl/cgi-bin/koha/opac-detail.pl?biblionumber=56062
_yKatalog online BPK